=LDR 00000nam 2200000 4500 =247 ##$$a =856 ##$$a =700 #$$a =650 #$$a Pengembangan Pariwisata =520 #$$a Tahun 20241 Kementerian Pariwisata dan Ekonomi akan menerapkan Wonderful Indonesia Sustainable Experience Trips (WISE Trips) sebagai kebijakan nasional. Mengacu pada panduan dari Direktorat Wisata Minat khusus - Deputi Bidang Produk Wisata dan Penyelenggaraan Kegiatan. implementasi ini menggunakan Prinsip Pedoman Penerapan Blue, Green and Circular Economy (BGCE), dengan fokus pada perhitungan baseline dan diseminasi informasi kepada seluruh stakeholder Pariwisata, terutama sektor Akomodasi, Atraksi Wisata, dan Biro Perjalanan Wisata, terkait pentingnya isu emisi karbon pada sektor pariwisata. =321 ##$$a =310 ##$$a =300 ##$$a 31 hlm. : $b ill. ; $c 30 cm $e =260 ##$$a Jakarta : $b Pusbangkom Pimnas dan Manajerial ASN. ; $c 2024 =001 $a INLIS000000000020852 =245 ##$$a Pengembangan Pariwisata Berkelanjutan Melalui Penerapan Wonderful Indonesia Sustainable Experience Trips $b wajah baru kearifan lokal masyarakat Papua, menyambut Pangsa Pasar tren pariwisata global $c Yusdi Nurdin Lamatenggo =100 #$$a Yusdi Nurdin Lamatenggo =084 ##$$a R 0066 PKN I 2024 =082 ##$$a =035 ##$$a 0010-0426000009 =020 ##$$a =008 $a 260413################g##########0#ind## =005 $a 20260413142215